Balance preliminar de la economía de América Latina y el Caribe 1997

Saved in:
Bibliographic Details
Corporate Authors: CEPAL (Author), Comisión Económica para América Latina y el Caribe (Author)
Format: Book
Language:Spanish
Published: Santiago CEPAL 1997
Edition:1a. ed
Subjects:
Tags: Add Tag
No Tags, Be the first to tag this record!

MARC

LEADER 00000nam a2200000 a 4500
001 UCG3588
003 CL-VaPUC
008 100909e19971200CL |||||||||||||||||spa|d
020 |a 9213214642 
082 0 4 |a 330.98  |b CEP  |2 21 
110 2 |a CEPAL  |e author  |9 552837 
710 2 |a Comisión Económica para América Latina y el Caribe  |e author  |9 552838 
245 1 0 |a Balance preliminar de la economía de América Latina y el Caribe 1997 
250 |a 1a. ed 
300 |a 64 p 
942 |c BK 
945 |d 20100909 00:00:00  |a dcastane 
260 |a Santiago  |b CEPAL  |c 1997 
650 7 |a DERECHO ECONOMICO SOCIAL  |2 CL-VaPUC  |9 552839 
650 0 |a Economía   |9 255568 
650 7 |a ESTADISTICAS SOCIOECONOMICAS  |2 CL-VaPUC  |9 346299 
651 0 |a América Latina   |9 255027 
583 |a last modification  |c 20100909 00:00:00  |k Rodrigo Vera 
999 |c 342641  |d 342639 
952 |0 0  |1 0  |4 0  |6 330_980000000000000_CEP_1997  |7 0  |8 P  |9 439044  |a BIBGIM  |b BIBGIM  |d 2019-11-22  |i 4717295  |o 330.98 CEP 1997  |p 4717295  |r 2025-01-15  |w 2019-11-22  |y BK  |k GIM